|
|
|
|
| LEADER |
00813nam a2200193Ia 4500 |
| 001 |
TDMU_3357 |
| 008 |
210410s9999 xx 000 0 und d |
| 082 |
|
|
|a 005.362
|
| 090 |
|
|
|b B1221
|
| 100 |
|
|
|a Khoa công nghệ thông tin Trường đại học Bách khoa
|
| 245 |
|
0 |
|a Tập slide bài giảng môn tin học
|
| 245 |
|
0 |
|b dành cho sinh viên toàn trường/Khoa công nghệ thông tin Trường đại học Bách khoa
|
| 260 |
|
|
|a Tp.HCM
|
| 260 |
|
|
|b Trường đại học Bách khoa
|
| 260 |
|
|
|c 2008
|
| 300 |
|
|
|a 289tr.
|
| 650 |
|
|
|a Chương trình máy tính; Ngôn ngữ lập trình Basic
|v Bài giảng
|
| 856 |
|
|
|u http://lrc.tdmu.edu.vn/opac/search/detail.asp?aID=2&ID=3357
|
| 980 |
|
|
|a Trung tâm Học liệu Trường Đại học Thủ Dầu Một
|